[Event "Tourn. n9754"]
[Site "www.chess-mail.com"]
[Date "2018.04.29"]
[Round "1"]
[White "Esperanza"]
[Black "Fantomas"]
[WhiteElo "2040"]
[BlackElo "2260"]
[Result "1-0"]
[Round "1"]
1.d4 d5
2.c4 e6
3.Nb1c3 Ng8f6
4.cxd5 Nf6xd5
5.e4 Nd5b6
6.Ng1f3 Bf8e7
7.Bf1d3 O-O
8.O-O Nb8c6
9.e5 Nc6b4
10.Bd3b1 Nb4d5
11.Qd1d3 g6
12.Bc1h6 Rf8e8
13.Nc3e4 Nb6d7
14.h3 Be7f8
15.Qd3d2 Bf8g7
16.Nf3h2 f6
17.exf6 Nd7xf6
18.Ne4xf6 Bg7xf6
19.Nh2g4 Bf6h8
20.Ng4e5 Bh8g7
21.Bh6xg7 Kxg7
22.Rf1e1 Nd5f6
23.Qd2d3 Qd8e7
24.Re1e3 Nf6d5
25.Ne5xg6 { resign }
1-0

[Event "Tourn. n9705"]
[Site "www.chess-mail.com"]
[Date "2018.04.29"]
[Round "1"]
[White "Aperturaf"]
[Black "Danquigley"]
[WhiteElo "2670"]
[BlackElo "2560"]
[Result "1-0"]
[Round "1"]
1.e4 d6
2.d4 Ng8f6
3.Nb1c3 g6
4.Ng1f3 Bf8g7
5.Bf1e2 O-O
6.O-O c6
7.h3 Qd8c7
8.a4 Nb8d7
9.Bc1e3 b6
10.Qd1d2 a6
11.g4 e6
12.g5 Nf6e8
13.Nf3e1 Bc8b7
14.h4 Ra8c8
15.Ne1g2 b5
16.f3 b4
17.Nc3d1 c5
18.c3 cxd4
19.cxd4 a5
20.Be2b5 Nd7b6
21.Qd2e2 f5
22.Nd1f2 Qc7f7
23.Ra1c1 Ne8c7
24.Kh2 b3
25.Rf1e1 Qf7e7
26.Qe2d3 d5
27.e5 Nc7xb5
28.Qd3xb5 Nb6c4
29.Qb5xb3 Rc8b8
30.Nf2d3 Bb7a6
31.Qb3c2 Rf8c8
32.Qc2f2 Bg7f8
33.Rc1c3 Qe7b7
34.Ng2f4 Bf8b4
35.Nd3xb4 Qb7xb4
36.Be3c1 Nc4xb2
37.Rc3xc8 Ba6xc8
38.h5 Qb4c3
39.Bc1d2 Qc3b3
40.Qf2h4 Rb8b7
41.Re1c1 Nb2c4
42.Kg3 Nc4xd2
43.Rc1xc8 Kg7
44.hxg6 Qb3xf3
45.Kh2 Nd2f1
46.Kg1 Qf3e3
47.Qh4f2 Qe3g3
48.Qf2xg3 Nf1xg3
49.Kg2 Ng3e4
50.Nf4xe6 Kxg6
51.Rc8g8 Kh5
52.Kf3 Rb7b1
53.g6 Rb1f1
54.Ke2 Ne4g3
55.Ke3 Kh6
56.gxh7 f4
57.Ne6xf4 Ng3f5
58.Ke2 Kxh7
59.Rg8g4 { resign }
1-0

[Event "Tourn. n9759"]
[Site "www.chess-mail.com"]
[Date "2018.04.29"]
[Round "1"]
[White "Mitja"]
[Black "Esperanza"]
[WhiteElo "2010"]
[BlackElo "2040"]
[Result "1-0"]
[Round "1"]
1.d4 d5
2.e3 e6
3.c3 Ng8f6
4.Ng1f3 Bf8d6
5.Bf1e2 O-O
6.b3 b6
7.Bc1b2 Bc8b7
8.Nb1a3 a6
9.O-O Qd8e7
10.Na3c2 Nb8d7
11.h3 Nf6e4
12.Be2d3 f5
13.Bd3xe4 fxe4
14.Nf3h2 Rf8f6
15.f4 exf3
16.Nh2xf3 Ra8f8
{ time. }
1-0

[Event "Tourn. n9771"]
[Site "www.chess-mail.com"]
[Date "2018.04.29"]
[Round "1"]
[White "Gilliere"]
[Black "Hundegana"]
[WhiteElo "2070"]
[BlackElo "2010"]
[Result "1/2-1/2"]
[Round "1"]
1.e4 c5
2.Ng1f3 e6
3.d4 cxd4
4.Nf3xd4 Nb8c6
5.Nd4xc6 bxc6
6.Nb1c3 Bf8c5
7.Bf1d3 Qd8f6
8.O-O h6
9.Qd1e2 Ng8e7
10.e5 Qf6h4
11.Bc1e3 Bc5xe3
12.Qe2xe3 O-O
13.Qe3e4 Qh4xe4
14.Bd3xe4 Ra8b8
15.b3 f5
16.Be4f3 g5
17.g3 Ne7d5
18.Nc3xd5 cxd5
19.Rf1e1 Kg7
20.Bf3g2 Bc8b7
21.Ra1d1 f4
22.gxf4 Rf8xf4
23.c4 dxc4
24.Rd1xd7 Rf4f7
25.Rd7xf7 Kxf7
26.bxc4 Bb7xg2
27.Kxg2 Rb8b2
28.Re1c1 Rb2xa2
29.c5 Ke7
30.c6 Kd8
31.Rc1c5 Kc7
32.Kg3 a5
33.h3 a4
34.h4 gxh4
35.Kxh4 Ra2xf2
36.Kh5 Rf2h2
37.Kg6 a3
38.Rc5a5 Kxc6
39.Ra5xa3 h5
40.Ra3d3 h4
41.Rd3d6 Kc7
42.Rd6xe6 h3
43.Re6e7 Kd8
44.Re7h7 Rh2h1
45.Kf6 h2
46.Ke6 Kc8
47.Ke7 Kc7
48.Ke6 Kd8
49.Rh7h8 Kc7
50.Rh8h7 Kd8
51.Rh7h8 { draw }
1/2-1/2

[Event "Tourn. n9771"]
[Site "www.chess-mail.com"]
[Date "2018.04.29"]
[Round "1"]
[White "Mitja"]
[Black "Gilliere"]
[WhiteElo "1950"]
[BlackElo "2070"]
[Result "1-0"]
[Round "1"]
1.d4 Ng8f6
2.e3 g6
3.c3 Bf8g7
4.b3 d5
5.Bc1b2 e6
6.Ng1f3 O-O
7.Bf1d3 Nb8c6
8.Bd3c2 Rf8e8
9.h3 a5
10.a4 Bc8d7
11.O-O b6
12.Nb1d2 Nc6e7
13.Nf3e5 Ne7f5
14.Nd2f3 Nf5h6
15.Bb2a3 Nf6e4
16.Ba3b2 Bg7xe5
17.Nf3xe5 Ne4d6
18.Qd1d2 Nh6f5
19.Bc2xf5 exf5
20.f3 f6
21.Ne5d3 Qd8e7
22.Rf1e1 Qe7f7
23.Qd2f2 Qf7g7
24.Qf2g3 Qg7h6
25.Nd3f4 c6
26.Nf4xg6 hxg6
27.Qg3xd6 Qh6g7
28.Qd6g3 Kf7
29.Kf1 Ra8a7
30.Bb2a3 Kg8
31.Ra1d1 Qg7h6
32.f4 Re8e4
33.Rd1d2 Kf7
34.Rd2e2 Bd7e6
35.Qg3f3 Kg7
36.Re2d2 Kf7
37.Ba3d6 g5
38.fxg5 fxg5
39.Bd6e5 Ke7
40.Qf3g3 f4
41.exf4 gxf4
42.Qg3f3 Ra7a8
43.Re1xe4 dxe4
44.Qf3xe4 Ra8c8
45.Rd2f2 Qh6h5
46.Rf2f3 Kd7
47.Be5xf4 Rc8f8
48.c4 Qh5e8
49.Qe4d3 Be6f5
50.Qd3d2 Bf5g6
51.c5 { resign }
1-0

[Event "Tourn. n9776"]
[Site "www.chess-mail.com"]
[Date "2018.04.29"]
[Round "1"]
[White "Bojan"]
[Black "Julian"]
[WhiteElo "1980"]
[BlackElo "1920"]
[Result "1-0"]
[Round "1"]
1.b4 e5
2.a3 d5
3.Bc1b2 Bf8d6
4.e3 Ng8f6
5.c4 c6
6.c5 Bd6c7
7.d4 e4
8.Bf1e2 O-O
9.h3 Nb8d7
10.Kd2 Rf8e8
11.Nb1c3 Nd7f8
12.g4 h6
13.Kc2 Nf8e6
14.Qd1f1 a5
15.b5 a4
16.b6 Bc7b8
17.Bb2c1 Ne6xc5
18.dxc5 d4
19.exd4 Qd8xd4
20.Bc1e3 Qd4d8
21.Ra1d1 Qd8e7
22.Be2c4 Bc8e6
23.g5 hxg5
24.Be3xg5 Qe7xc5
25.Bg5xf6 gxf6
26.Bc4xe6 Re8xe6
27.Rd1d8 Kg7
28.Ng1e2 Qc5xb6
29.Qf1g2 Kh7
30.Qg2g8 Kh6
31.Qg8h8 Kg5
32.Rh1g1 { resign }
1-0

[Event "Tourn. n9714"]
[Site "www.chess-mail.com"]
[Date "2018.04.29"]
[Round "1"]
[White "Coolant"]
[Black "Esperanza"]
[WhiteElo "2280"]
[BlackElo "2020"]
[Result "1-0"]
[Round "1"]
1.e4 c5
2.d4 cxd4
3.Ng1f3 d6
4.Qd1xd4 Nb8c6
5.Bf1b5 e5
6.Qd4d3 Ng8f6
7.O-O Bf8e7
8.Nb1c3 a6
9.Bb5a4 Bc8e6
10.Rf1d1 O-O
11.Ba4b3 Qd8c7
12.Nc3d5 Be6xd5
13.exd5 Nc6b8
14.Qd3f5 Nb8d7
15.Bc1g5 h6
16.Bg5e3 Nd7c5
17.Be3xc5 Qc7xc5
18.c4 Ra8c8
19.Ra1c1 b5
20.g3 g6
21.Qf5c2 bxc4
22.Qc2xc4 Qc5b6
23.Qc4xc8 Rf8xc8
24.Rc1xc8 Kg7
25.Rc8c6 Qb6a7
26.Rd1c1 Nf6e4
27.Rc1c2 Ne4c5
28.Bb3c4 Qa7b7
29.Nf3d2 Be7g5
30.Nd2b3 { resign }
1-0

[Event "Tourn. n9781"]
[Site "www.chess-mail.com"]
[Date "2018.04.29"]
[Round "1"]
[White "Ejner"]
[Black "Conde7"]
[WhiteElo "2430"]
[BlackElo "2860"]
[Result "1/2-1/2"]
[Round "1"]
1.d4 Ng8f6
2.c4 e6
3.Nb1c3 Bf8b4
4.Qd1c2 O-O
5.a3 Bb4xc3
6.Qc2xc3 b6
7.Bc1g5 Bc8b7
8.e3 d6
9.Ng1e2 Nb8d7
10.Qc3d3 e5
11.Ne2c3 h6
12.Bg5h4 exd4
13.Qd3xd4 g5
14.Bh4g3 Nd7c5
15.Ra1d1 Nc5b3
16.Qd4d3 Nb3c5
{ draw }
1/2-1/2

[Event "Match"]
[Site "www.echecsemail.com"]
[Date "2018.04.29"]
[Round "1"]
[White "Ericleo1980"]
[Black "Apdash"]
[WhiteElo "2170"]
[BlackElo "2250"]
[Result "0-1"]
[Round "1"]
1.e4 c5
2.Ng1f3 d6
3.d4 cxd4
4.Nf3xd4 Nb8c6
5.Nb1c3 Ng8f6
6.Bf1c4 Nc6xd4
7.Qd1xd4 Bc8d7
8.Bc1g5 a6
9.Bg5xf6 exf6
10.Qd4d5 { time. }
0-1

[Event "Tourn. n9805"]
[Site "www.echecsemail.com"]
[Date "2018.04.29"]
[Round "1"]
[White "Bojan"]
[Black "Apdash"]
[WhiteElo "2030"]
[BlackElo "2100"]
[Result "1/2-1/2"]
[Round "1"]
1.e4 c5
2.b3 Nb8c6
3.Bc1b2 d6
4.h3 e5
5.Qd1f3 Ng8f6
6.Nb1c3 Nc6d4
7.Qf3d1 Bf8e7
{ draw }
1/2-1/2

[Event "Match"]
[Site "www.echecsemail.com"]
[Date "2018.04.29"]
[Round "1"]
[White "Fegatux"]
[Black "Numanoid"]
[WhiteElo "2320"]
[BlackElo "2430"]
[Result "0-1"]
[Round "1"]
1.d4 d5
2.c4 e6
3.Ng1f3 Ng8f6
4.g3 c5
5.cxd5 exd5
6.dxc5 Bf8xc5
7.Bf1g2 O-O
8.O-O Nb8c6
9.Bc1g5 h6
10.Bg5xf6 Qd8xf6
11.Qd1c2 Bc5b6
12.e3 Bc8g4
13.Nf3d2 Bg4f5
14.Qc2b3 d4
15.e4 Bf5e6
16.Qb3b5 Ra8c8
17.Nb1a3 d3
18.b3 Bb6d4
19.Ra1b1 Qf6e7
20.Na3c4 a6
21.Qb5h5 b5
22.Nc4b6 Bd4xb6
23.Kh1 Nc6d4
24.f4 Rc8c2
25.Rf1d1 Nd4e2
26.f5 Be6c8
27.Qh5f3 Rf8d8
28.Bg2f1 Ne2c3
29.Bf1xd3 Rc2xa2
30.Rb1a1 Nc3xd1
31.Ra1xa2 Nd1f2
32.Kg2 Nf2xd3
{ resign }
0-1

[Event "Match"]
[Site "www.echecsemail.com"]
[Date "2018.04.29"]
[Round "1"]
[White "Gilliere"]
[Black "Darknight"]
[WhiteElo "1990"]
[BlackElo "1910"]
[Result "0-1"]
[Round "1"]
1.e4 e5
2.Ng1f3 d6
3.d4 exd4
4.Nf3xd4 a6
5.Nb1c3 c6
6.Bf1d3 h6
7.O-O h5
8.Bc1e3 g5
9.Qd1c1 f6
10.Bd3e2 Bc8g4
11.Be2xg4 hxg4
12.Nd4e6 Qd8e7
13.Ne6xf8 Qe7xf8
14.Rf1e1 Nb8d7
15.Be3d4 O-O-O
16.Nc3a4 c5
17.Bd4c3 Qf8h6
18.Qc1e3 Qh6xh2
19.Kf1 Qh2h5
20.g3 Rd8e8
21.Ke2 Qh5g6
22.Re1h1 Rh8xh1
23.Ra1xh1 Re8xe4
24.Rh1h8 Re4xe3
{ resign }
0-1

[Event "Tourn. n9721"]
[Site "www.chess-mail.com"]
[Date "2018.04.30"]
[Round "1"]
[White "Ditto"]
[Black "Odin"]
[WhiteElo "1980"]
[BlackElo "1910"]
[Result "0-1"]
[Round "1"]
1.e4 e5
2.Ng1f3 Ng8f6
3.Nb1c3 Bf8b4
4.d3 d5
5.Bc1d2 Bc8g4
6.Bf1e2 Bg4xf3
7.Be2xf3 Bb4xc3
8.Bd2xc3 d4
9.Bc3b4 Nb8d7
10.O-O c5
11.Bb4d2 O-O
12.c3 Qd8b6
13.Ra1b1 h6
14.cxd4 cxd4
15.a3 Ra8c8
16.Bd2b4 Rf8e8
17.Qd1d2 a6
18.Qd2d1 Nd7b8
19.Qd1e1 Nb8c6
20.Bb4d2 Nc6e7
21.Bf3d1 Ne7g6
22.Bd2b4 Ng6f4
23.Qe1d2 Qb6b5
24.Bd1c2 Rc8c6
25.Bc2b3 a5
26.Bb3d5 Nf6xd5
27.exd5 Qb5xd5
28.f3 Rc6g6
29.Rb1c1 Rg6xg2
30.Qd2xg2 Nf4xg2
31.Kxg2 axb4
32.axb4 Qd5b3
33.Rc1c7 Qb3xb4
34.Rf1f2 f5
35.Kh3 g5
36.Rf2g2 Qb4e1
37.Rc7xb7 Qe1h4
{ resign }
0-1

[Event "Tourn. n9761"]
[Site "www.chess-mail.com"]
[Date "2018.04.30"]
[Round "1"]
[White "Passaroa25"]
[Black "Ermejo69"]
[WhiteElo "1550"]
[BlackElo "1689"]
[Result "0-1"]
[Round "1"]
1.Nb1c3 e6
2.Ng1f3 f5
3.d4 Ng8f6
4.Nf3e5 d6
5.Ne5c4 Bf8e7
6.Nc4e3 O-O
7.f3 Nb8d7
8.b3 b6
9.g3 Bc8b7
10.Bc1d2 Qd8e8
11.Nc3b5 Qe8c8
12.c4 a6
13.Nb5a3 Qc8e8
14.Na3c2 a5
15.a4 Nf6h5
16.Bf1g2 f4
17.Ne3g4 fxg3
18.h3 Qe8f7
19.Nc2e3 Nh5f4
20.O-O h5
21.Ng4h6 gxh6
22.Bd2e1 h4
23.Ne3g4 Be7g5
24.Ng4e3 Nf4xg2
25.Ne3xg2 Qf7f5
26.e4 Qf5xh3
27.f4 Qh3h2

0-1

[Event "Tourn. n9775"]
[Site "www.chess-mail.com"]
[Date "2018.04.30"]
[Round "1"]
[White "Apdash"]
[Black "Coolant"]
[WhiteElo "2260"]
[BlackElo "2270"]
[Result "0-1"]
[Round "1"]
1.e4 c5
2.Ng1f3 Nb8c6
3.d4 cxd4
4.Nf3xd4 Ng8f6
5.Nb1c3 Qd8b6
6.Nd4xc6 dxc6
7.Bf1d3 e5
8.O-O Bc8g4
9.Qd1d2 O-O-O
10.Qd2g5 h6
11.Qg5e3 Bf8c5
12.Qe3g3 Bc5d4
13.Kh1 g5
14.f3 Bg4e6
15.Nc3e2 Nf6h5
16.Qg3e1 Bd4c5
17.a3 Nh5f4
18.g3 Nf4xd3
19.cxd3 Rd8xd3
20.b4 Bc5e3
21.Bc1b2 f6
22.f4 gxf4
23.gxf4 Rh8g8
24.fxe5 Be6h3
25.Ne2g3 Rd3d2
26.Rf1g1 Rd2xb2
27.exf6 Be3xg1
28.Qe1xg1 Bh3g2
29.Qg1xg2 Rb2xg2
30.Kxg2 Qb6d4
{ resign }
0-1

[Event "Tourn. n9787"]
[Site "www.chess-mail.com"]
[Date "2018.04.30"]
[Round "1"]
[White "Iko"]
[Black "Ditto"]
[WhiteElo "1750"]
[BlackElo "1790"]
[Result "1-0"]
[Round "1"]
1.e4 e5
2.Ng1f3 Nb8c6
3.Bf1b5 Bf8c5
4.Bb5xc6 bxc6
5.Nf3xe5 Ng8f6
6.g4 Nf6xe4
7.d4 Qd8h4
8.O-O Bc5d6
9.Qd1f3 Ne4f6
10.Qf3b3 Nf6xg4
11.Qb3xf7 Kd8
12.Bc1f4 Rh8f8
13.Qf7xg7 Bc8a6
14.Qg7xd7 { resign }
1-0

[Event "Tourn. n9723"]
[Site "www.chess-mail.com"]
[Date "2018.04.30"]
[Round "1"]
[White "Bojan"]
[Black "Esperanza"]
[WhiteElo "1970"]
[BlackElo "2040"]
[Result "0-1"]
[Round "1"]
1.e4 c5
2.b3 d6
3.Bc1b2 e6
4.Ng1f3 Ng8f6
5.Bf1d3 Bf8e7
6.e5 dxe5
7.Bb2xe5 Nb8c6
8.Be5c3 O-O
9.Qd1e2 a6
10.Nf3g5 h6
11.Ng5e4 e5
12.Ne4xf6 Be7xf6
13.Bd3e4 Nc6d4
14.Qe2d1 Qd8c7
15.d3 Bc8d7
16.Nb1d2 g6
17.h3 Bf6g7
18.Bc3b2 f5
19.Be4d5 Kh7
20.c3 Nd4e6
21.Qd1f3 Ne6g5
22.Qf3e2 Bd7c6
23.Bd5xc6 Qc7xc6
24.f3 Ra8d8
25.O-O-O b5
26.c4 a5
27.Nd2b1 a4
28.Rh1e1 Rf8e8
29.h4 Ng5f7
30.Nb1c3 axb3
31.axb3 bxc4
32.dxc4 Rd8b8
33.Nc3b5 Re8d8
34.Rd1d2 Rd8xd2
35.Qe2xd2 Bg7f6
36.Qd2f2 Nf7d6
37.Bb2xe5 Bf6xe5
38.Re1xe5 Nd6xb5
39.Re5xc5 Qc6a6
40.cxb5 Qa6a1
41.Kd2 Qa1b2
42.Rc5c2 Rb8d8
{ resign }
0-1

[Event "Tourn. n9694"]
[Site "www.chess-mail.com"]
[Date "2018.04.30"]
[Round "1"]
[White "Sachpat"]
[Black "Paulsyd"]
[WhiteElo "2810"]
[BlackElo "2450"]
[Result "1-0"]
[Round "1"]
1.e4 c5
2.Ng1f3 e6
3.d4 cxd4
4.Nf3xd4 a6
5.c4 Ng8f6
6.Nb1c3 Qd8c7
7.Bf1e2 Bf8b4
8.Qd1d3 O-O
9.O-O Nb8c6
10.Nd4f3 b6
11.Bc1g5 Nf6g4
12.a3 Bb4xc3
13.Qd3xc3 f5
14.h3 fxe4
15.hxg4 exf3
16.Be2xf3 Bc8b7
17.Ra1c1 Ra8c8
18.Rf1d1 d6
19.Qc3e3 e5
20.Bf3d5 Kh8
21.Qe3e4 Nc6a5
22.Bg5e3 Bb7c6
23.g5 Na5b3
24.Rc1c3 Nb3a5
25.g6 Bc6xd5
26.cxd5 Qc7e7
27.Qe4b4 Rc8xc3
28.Qb4xc3 Na5b7
29.Be3xb6 hxg6
30.Qc3d3 Rf8f5
31.Qd3xa6 Rf5h5
32.Qa6c4 Kh7
33.b4 Rh5h4
34.Qc4e2 Rh4h5
35.Qe2g4 Nb7d8
36.Rd1d3 Nd8f7
37.Rd3g3 Qe7f6
38.Rg3h3 Rh5xh3
39.Qg4xh3 Nf7h6
40.Bb6e3 { resign }
1-0

[Event "Tourn. n9772"]
[Site "www.chess-mail.com"]
[Date "2018.04.30"]
[Round "1"]
[White "Fegatux"]
[Black "Andychesston"]
[WhiteElo "2290"]
[BlackElo "2090"]
[Result "1-0"]
[Round "1"]
1.d4 d5
2.c4 Ng8f6
3.g3 Bc8f5
4.Bf1g2 e6
5.Ng1f3 dxc4
6.O-O Bf5e4
7.Nb1c3 Bf8b4
8.Nc3xe4 Nf6xe4
9.Qd1c2 Ne4d6
10.Nf3e5 c6
11.Ne5xc4 b5
12.Nc4e5 O-O
13.a3 Nd6f5
14.axb4 Qd8xd4
15.Ne5xc6 Nb8xc6
16.Qc2xc6 Qd4xb4
17.Qc6a6 Ra8c8
18.Qa6xa7 Nf5d4
19.Bg2f3 Nd4b3
20.Ra1b1 Nb3d2
21.Bc1xd2 Qb4xd2
22.Rf1d1 Qd2g5
23.Qa7e3 Qg5xe3
24.fxe3 Rc8c2
25.Kf2 g6
26.Bf3e4 Rc2c5
27.b4 Rc5h5
28.Kg2 Rf8c8
29.Rd1d7 Rc8c3
30.Be4d3 Rh5e5
31.e4 f5
32.Rb1a1 Rc3c8
33.exf5 gxf5
34.Ra1a7 Re5d5
35.Rd7g7 Kh8
36.Rg7xh7 Kg8
37.Ra7g7 Kf8
38.Rg7b7 Kg8
39.Rh7e7 Rd5d6
40.Rb7xb5 Rc8d8
41.Rb5b7 Rd8c8
42.h4 Rd6d4
43.Re7xe6 Rd4g4
44.Bd3xf5 Rg4g7
45.Rb7xg7 Kxg7
46.Re6g6 Kf7
47.Bf5xc8 Kxg6
48.b5 Kf6
49.b6 Ke7
50.b7 Kd8
51.b8Q Ke8
52.Qb8c7 Kf8
53.Bc8e6 Ke8
54.Qc7d7 Kf8
55.Qd7f7 
1-0

[Event "Tourn. n9741"]
[Site "www.chess-mail.com"]
[Date "2018.04.30"]
[Round "1"]
[White "Esperanza"]
[Black "Mitja"]
[WhiteElo "2040"]
[BlackElo "2080"]
[Result "0-1"]
[Round "1"]
1.d4 d5
2.c4 dxc4
3.Ng1f3 e6
4.e3 c6
5.Bf1xc4 h6
6.O-O Ng8f6
7.Nb1c3 Bf8e7
8.a4 b6
9.e4 Bc8b7
10.e5 Nf6d5
11.Qd1d3 Nd5xc3
12.bxc3 Nb8d7
13.a5 b5
14.Bc4b3 Bb7a6
15.Qd3e4 Qd8c7
16.Bb3xe6 fxe6
17.Qe4g6 Kd8
18.Qg6xe6 Nd7f8
19.Qe6g4 g5
20.Rf1d1 Ba6c8
21.Qg4e4 Bc8e6
22.d5 cxd5
23.Rd1xd5 Ke8
24.Rd5xb5 Ra8c8
25.Bc1b2 Rc8b8
{ resign }
0-1

[Event "Match"]
[Site "www.echecsemail.com"]
[Date "2018.04.30"]
[Round "1"]
[White "Irene"]
[Black "Lcbunghai"]
[WhiteElo "1990"]
[BlackElo "2040"]
[Result "0-1"]
[Round "1"]
1.d4 Ng8f6
2.Nb1c3 d5
3.g3 e6
4.Ng1f3 Bf8e7
5.Nf3e5 O-O
6.Bc1g5 Nf6d7
7.Bg5xe7 Qd8xe7
8.Bf1g2 Nd7f6
9.Qd1d3 a6
10.O-O c5
11.dxc5 Qe7xc5
12.a3 Nb8d7
13.Nc3a4 Qc5c7
14.Ne5f3 b5
15.Na4c3 Nd7c5
16.Qd3d4 Nc5d7
17.Nf3g5 h6
18.Ng5f3 Ra8b8
19.Qd4d3 Bc8b7
20.e3 Rf8d8
21.Nc3e2 e5
22.Nf3h4 e4
23.Qd3b3 Nd7b6
24.c3 Nb6c4
25.Qb3c2 Bb7c8
26.Bg2h1 Nc4e5
27.Ne2d4 g6
28.f3 Kg7
29.fxe4 dxe4
30.Bh1xe4 Nf6xe4
31.Qc2xe4 Bc8b7
32.Qe4f4 Bb7c8
33.Kf2 Ne5d3
34.Ke2 Nd3xf4
35.Rf1xf4 Rd8f8
36.Ra1f1 Qc7c4
37.Kd2 Qc4d5
38.Rf4f6 Bc8h3
39.Rf1f2 a5
40.Kd3 Qd5c4
41.Kd2 b4
42.axb4 axb4
43.Nd4e6 Bh3xe6
{ resign }
0-1

[Event "Match"]
[Site "www.echecsemail.com"]
[Date "2018.04.30"]
[Round "1"]
[White "Lcbunghai"]
[Black "Ericleo1980"]
[WhiteElo "2040"]
[BlackElo "2170"]
[Result "1-0"]
[Round "1"]
1.e4 c5
2.Ng1f3 d6
3.d4 cxd4
4.Nf3xd4 Ng8f6
5.Nb1c3 a6
6.a4 Qd8c7
7.Bf1e2 e6
8.O-O Bf8e7
9.Nd4b3 b6
10.Bc1e3 Bc8b7
11.f3 d5
12.exd5 Nf6xd5
13.Nc3xd5 Bb7xd5
14.Nb3d4 Nb8d7
15.c3 Be7d6
16.f4 Nd7f6
17.Qd1c1 Qc7b7
18.Be2f3 O-O
19.Bf3xd5 Nf6xd5
20.Kh1 Ra8c8
21.f5 e5
22.Nd4c2 f6
23.Be3g1 Bd6c5
24.Qc1e1 Nd5f4
25.Rf1f3 Bc5xg1
26.Kxg1 Qb7d7
27.Nc2e3 Rf8d8
28.a5 b5
29.Ra1d1 Qd7c7
30.Rd1xd8 Rc8xd8
31.b4 Rd8d3
32.Ne3d1 Rd3xf3
33.gxf3 Qc7d7
34.Nd1e3 Qd7d3
35.Kh1 h6
36.h4 Kf7
37.Kh2 Ke7
{ time. }
1-0

[Event "Match"]
[Site "www.echecsemail.com"]
[Date "2018.04.30"]
[Round "1"]
[White "Guidom"]
[Black "Fegatux"]
[WhiteElo "2100"]
[BlackElo "2290"]
[Result "0-1"]
[Round "1"]
1.c4 e5
2.Nb1c3 d6
3.g3 f5
4.Bf1g2 Ng8f6
5.d3 Nb8c6
6.e4 Bf8e7
7.Bc1g5 O-O
8.Ng1e2 Kh8
9.a3 a5
10.O-O fxe4
11.dxe4 Bc8g4
12.f3 Bg4e6
13.b3 h6
14.Bg5e3 Qd8d7
15.Nc3d5 Nf6h7
16.Qd1c2 Be7f6
17.Rf1d1 Be6xd5
18.cxd5 Nc6e7
19.Ra1c1 c5
20.dxc6 bxc6
21.Be3c5 Ne7c8
22.b4 Qd7e6
23.Bc5f2 Nc8e7
24.f4 axb4
25.axb4 Ra8a2
26.Qc2d3 Rf8a8
27.Ne2c3 Ra2a3
28.Qd3xd6 Qe6xd6
29.Rd1xd6 exf4
30.Nc3e2 f3
31.Ne2f4 fxg2
32.Kxg2 Ra3a2
33.Nf4d3 Bf6g5
34.Rc1e1 Nh7f6
35.h4 Bg5d2
36.Re1e2 Bd2c3
37.Re2xa2 Ra8xa2
38.Rd6e6 Ne7g8
39.Kf3 Ra2d2
40.Nd3f4 Rd2d8
41.Bf2c5 Kh7
42.Re6xc6 Nf6d7
43.Bc5d6 Bc3xb4
44.Ke3 Bb4xd6
45.Rc6xd6 Ng8f6
46.Nf4e6 Rd8e8
47.Kf4 Nf6h5
48.Kg4 Nd7f6
49.Kf3 Re8a8
50.Rd6d3 Ra8e8
51.Rd3d6 Nh5xg3
52.Rd6a6 Ng3xe4
53.Ne6f4 Ne4d2
54.Kf2 Re8e4
55.Kg3 Re4e3
56.Kg2 Re3f3
57.Nf4e6 Nf6e4
58.Ra6a7 Rf3g3
59.Kh1 Ne4f2
60.Kh2 Nd2f1
{ resign }
0-1

[Event "Match"]
[Site "www.echecsemail.com"]
[Date "2018.04.30"]
[Round "1"]
[White "Apdash"]
[Black "Liencam2"]
[WhiteElo "2210"]
[BlackElo "2320"]
[Result "0-1"]
[Round "1"]
1.e4 d6
2.Ng1f3 Ng8f6
3.Nb1c3 g6
4.Bf1c4 Bf8g7
5.O-O O-O
6.d4 c6
7.Bc1g5 b5
8.Bc4d3 Nb8d7
9.Qd1d2 Qd8c7
10.Rf1e1 e5
11.Nc3e2 d5
12.exd5 Nf6xd5
13.c4 Nd5b6
14.cxb5 cxb5
15.Bd3xb5 Bc8b7
16.Ra1c1 Qc7d6
17.Bg5h6 e4
18.Bh6xg7 Kxg7
19.Nf3g5 Qd6d5
20.Ne2c3 e3
21.fxe3 Qd5xg5
22.a4 Nd7f6
23.a5 Nb6c8
24.Re1e2 Nc8d6
25.Bb5d3 Ra8c8
26.a6 Bb7e4
27.Nc3xe4 Nf6xe4
28.Qd2e1 Rc8xc1
29.Qe1xc1 Rf8c8
30.Qc1b1 Ne4d2
31.Qb1e1 Nd2f3
{ resign }
0-1

[Event "Tourn. n9802"]
[Site "www.echecsemail.com"]
[Date "2018.04.30"]
[Round "1"]
[White "Malbertan"]
[Black "Reda"]
[WhiteElo "2000"]
[BlackElo "1810"]
[Result "1-0"]
[Round "1"]
1.e4 e5
2.f4 Nb8c6
3.Ng1f3 exf4
4.d4 d5
5.exd5 Qd8xd5
6.Nb1c3 Qd5a5
7.Bc1xf4 Bf8b4
8.Qd1d3 Bb4xc3
9.bxc3 Ng8f6
10.Bf1e2 O-O
11.O-O Nf6d5
12.Bf4d2 Nc6e7
13.c4 Nd5b4
14.Qd3c3 Nb4c6
15.Qc3xa5 Nc6xa5
16.Bd2xa5 Ne7c6
17.Ba5c3 Bc8f5
18.Be2d3 Bf5xd3
19.cxd3 Rf8e8
20.d5 Nc6b8
21.Ra1e1 Re8d8
22.Re1e7 Nb8d7
23.Nf3g5 f6
24.Ng5e6 Rd8c8
25.Re7xg7 Kh8
26.Rg7xd7 { resign }
1-0

[Event "Match"]
[Site "www.echecsemail.com"]
[Date "2018.04.30"]
[Round "1"]
[White "Caspito"]
[Black "Pinehill"]
[WhiteElo "1940"]
[BlackElo "2040"]
[Result "0-1"]
[Round "1"]
1.e4 d5
2.Qd1f3 dxe4
3.Qf3xe4 Ng8f6
4.Qe4h4 Bc8f5
5.d3 e6
6.Bc1g5 Bf8e7
7.Qh4a4 Nb8d7
8.Ng1f3 O-O
9.Nb1c3 c6
10.Bf1e2 h6
11.Bg5h4 Nd7c5
12.Qa4c4 b5
13.Qc4d4 Qd8b6
14.Nf3e5 Rf8d8
15.Qd4f4 g5
16.Bh4xg5 hxg5
17.Qf4xg5 Bf5g6
18.Ne5xg6 fxg6
19.Qg5xg6 Kf8
20.Qg6h6 Ke8
21.Ra1d1 Kd7
22.O-O Rd8h8
23.Qh6f4 Ra8f8
24.Qf4e5 Be7d6
25.Qe5g5 Bd6xh2
{ resign }
0-1

[Event "1/16 Finale"]
[Site "www.chess-mail.com"]
[Date "2018.04.30"]
[Round "1"]
[White "Sbb"]
[Black "Gvladutz"]
[WhiteElo "2640"]
[BlackElo "2530"]
[Result "1-0"]
[Round "1"]
1.d4 Ng8f6
2.c4 g6
3.g3 Bf8g7
4.Bf1g2 O-O
5.Nb1c3 c5
6.dxc5 Qd8a5
7.Qd1a4 Qa5xc5
8.Bc1e3 Qc5c7
9.Ra1c1 d6
10.Ng1f3 Bc8d7
11.Qa4b3 Rf8c8
12.O-O Qc7xc4
13.Qb3xb7 Nb8c6
14.Nf3e5 dxe5
15.Nc3e4 Qc4e6
16.Ne4c5 Ra8b8
17.Qb7xb8 Nc6xb8
18.Nc5xe6 Bd7xe6
19.Rc1xc8 Be6xc8
20.Be3xa7 Nb8a6
21.Rf1c1 Bc8g4
22.a3 e4
23.Rc1c6 Bg4xe2
24.Bg2f1 Be2xf1
25.Kxf1 Nf6d5
26.Rc6xa6 Bg7xb2
27.a4 f5
28.Ra6a5 Nd5b4
29.Ba7c5 Nb4d3
30.Bc5xe7 Bb2c3
31.Ra5b5 Bc3d4
32.a5 Bd4a7
33.f4 exf3
34.a6 h6
35.Rb5d5 Nd3f2
36.Be7c5 Ba7xc5
37.Rd5xc5 Nf2d3
38.Rc5c7 { resign }
1-0

[Event "1/128 Finale"]
[Site "www.chess-mail.com"]
[Date "2018.04.30"]
[Round "1"]
[White "Stepanpech"]
[Black "Reda"]
[WhiteElo "2440"]
[BlackElo "1840"]
[Result "1-0"]
[Round "1"]
1.e4 e5
2.Ng1f3 Nb8c6
3.Bf1b5 d6
4.d4 Bc8g4
5.dxe5 Bg4xf3
6.Qd1xf3 dxe5
7.Bb5xc6 bxc6
8.O-O Bf8d6
9.Nb1d2 Ng8f6
10.Nd2c4 Bd6c5
11.Nc4xe5 Qd8d6
12.Ne5d3 O-O
13.e5 Qd6e6
14.exf6 Qe6xf6
15.Qf3xf6 gxf6
16.Nd3xc5 Rf8e8
17.Bc1h6 Re8e5
18.Nc5d7 Re5e6
19.Rf1e1 Re6d6
20.Ra1d1 { resign }
1-0

[Event "1/32 Finale"]
[Site "www.chess-mail.com"]
[Date "2018.04.30"]
[Round "1"]
[White "Bronstein70"]
[Black "Guidom"]
[WhiteElo "2470"]
[BlackElo "2090"]
[Result "1-0"]
[Round "1"]
1.e4 e5
2.f4 exf4
3.Bf1c4 Nb8c6
4.d4 Qd8h4
5.Kf1 b6
6.Ng1f3 Qh4h5
7.Nb1c3 Ng8f6
8.e5 Nf6g8
9.Nc3d5 Kd8
10.Nd5xf4 Qh5g4
11.h3 Qg4g3
12.Bc4xf7 Bc8a6
13.c4 g6
14.Nf4e2 { resign }
1-0

[Event "Tourn. n9782"]
[Site "www.chess-mail.com"]
[Date "2018.05.01"]
[Round "1"]
[White "Reda"]
[Black "Cal"]
[WhiteElo "1750"]
[BlackElo "1630"]
[Result "1-0"]
[Round "1"]
1.d4 d5
2.Bc1f4 h6
3.Nb1c3 a6
4.Ng1f3 Nb8c6
5.e3 Ng8f6
6.Bf1d3 e6
7.O-O Bf8b4
8.Qd1e1 O-O
9.a3 Bb4xc3
10.Qe1xc3 b5
11.Qc3xc6 Bc8d7
12.Qc6c3 c6
13.Rf1e1 Qd8e7
14.Nf3e5 Bd7e8
15.Ne5xc6 Be8xc6
16.Qc3xc6 Rf8c8
17.Qc6d6 Qe7e8
18.e4 dxe4
19.Bd3xe4 Ra8a7
20.c3 Ra7d7
21.Qd6xa6 Nf6xe4
22.Re1xe4 Qe8e7
23.Qa6xb5 Rd7d5
24.Qb5b4 Qe7f6
25.Bf4e5 Qf6g6
26.Qb4b7 Rc8d8
27.f3 Rd8d7
28.Qb7c8 Kh7
29.Re4g4 Qg6f5
30.Rg4xg7 { resign }
1-0

[Event "Tourn. n9771"]
[Site "www.chess-mail.com"]
[Date "2018.05.01"]
[Round "1"]
[White "Mitja"]
[Black "Hundegana"]
[WhiteElo "1960"]
[BlackElo "2010"]
[Result "1/2-1/2"]
[Round "1"]
1.d4 h5
2.e3 g6
3.c3 Bf8g7
4.Bf1e2 d6
5.Ng1f3 c5
6.dxc5 a6
7.cxd6 exd6
8.Qd1d2 Ng8e7
9.b3 Nb8c6
10.Bc1b2 O-O
11.Nf3d4 Nc6xd4
12.cxd4 Bc8d7
13.O-O Ne7d5
14.Nb1c3 Nd5xc3
15.Bb2xc3 Qd8g5
16.Be2f3 Ra8b8
17.Ra1d1 b5
18.d5 Bg7xc3
19.Qd2xc3 Rb8c8
20.Qc3d4 Bd7g4
21.Bf3xg4 Qg5xg4
22.Qd4b6 h4
23.h3 Qg4d7
24.Qb6xa6 Rc8a8
25.Qa6c6 Rf8d8
26.Qc6xd7 Rd8xd7
27.Rd1a1 Kg7
28.a4 bxa4
29.Ra1xa4 Ra8xa4
30.bxa4 Kf6
31.f3 Rd7a7
32.Rf1a1 Ke5
33.e4 f5
34.exf5 gxf5
35.Kf2 Kxd5
36.Ke3 Ke5
37.f4 Kf6
38.Kd4 Ke6
39.a5 Ra7g7
40.Ra1a2 Rg7a7
41.a6 Kd7
42.Kd5 Ke7
43.Ra2e2 { draw }
1/2-1/2